000
002790000a22000970004500
100
1
_a
Cordero Iran, Silvia
245
1
0
_a
Mexican short story : "Susy's mother"
300
_a
Vol. 73, Num 3 (Julio-Septiembre, 1993), Páginas 18-20
773
0
_t
Latin America Evangelist
942
_c
ANA
999
_c
54757
_d
54757